[Event "1. liga V 24/25"]
[Site ""]
[Date "2025.01.19"]
[Round "6.2"]
[White "Berezjuk, Sergej"]
[Black "Rasik, Vitezslav"]
[Result "1/2-1/2"]
[WhiteFideId "312614"]
[BlackFideId "300306"]
[WhiteElo "2352"]
[BlackElo "2412"]
[PlyCount "0"]
[WhiteTeam "Sokol Dobra"]
[BlackTeam "SK Slavoj Poruba B"]
[EventDate "2024.10.20"]

1. e4 d6 2. d4 g6 3. Nc3 Bg7 4. Be3 c6 5. Nf3 Nf6 6. Qd2 Qa5 7. h3 O-O 8. Bd3
Nbd7 9. O-O e5 10. dxe5 dxe5 1/2-1/2

[Event "1. liga V 24/25"]
[Site ""]
[Date "2025.01.19"]
[Round "6.3"]
[White "Barski, Radoslaw"]
[Black "Kula, Dominik"]
[Result "1-0"]
[WhiteFideId "1131710"]
[BlackFideId "344338"]
[WhiteElo "2382"]
[BlackElo "2190"]
[PlyCount "0"]
[WhiteTeam "SK Slavoj Poruba B"]
[BlackTeam "Sokol Dobra"]
[EventDate "2024.10.20"]

1. e4 c5 2. Nf3 e6 3. d4 cxd4 4. Nxd4 a6 5. Nc3 Qc7 6. Bd3 Nf6 7. O-O Bc5 8.
Nb3 Ba7 9. Qe2 d6 10. Kh1 b5 11. a4 b4 12. Na2 Bc5 13. Nxc5 dxc5 14. e5 Nfd7
15. f4 g6 16. Be3 Nc6 17. c3 b3 18. Nc1 Na5 19. c4 Rb8 20. Ra3 Bb7 21. Bd2 O-O
22. Bc3 Ba8 23. Qe1 Nc6 24. Nxb3 Nb4 25. Bb1 Rfd8 26. Nd2 a5 27. Qg3 Nb6 28.
f5 Rxd2 29. Bxd2 Nxc4 30. fxg6 fxg6 31. Bxg6 Nxd2 32. Be8+ Qg7 33. Qxg7+ Kxg7
34. Rg3+ Kh6 35. Rf6# 1-0

[Event "1. liga V 24/25"]
[Site ""]
[Date "2025.01.19"]
[Round "6.4"]
[White "Fizer, Marek"]
[Black "Velicka, Petr"]
[Result "0-1"]
[WhiteFideId "391980"]
[BlackFideId "300659"]
[WhiteElo "2155"]
[BlackElo "2332"]
[PlyCount "0"]
[WhiteTeam "Sokol Dobra"]
[BlackTeam "SK Slavoj Poruba B"]
[EventDate "2024.10.20"]

1. e4 e5 2. Nf3 Nc6 3. Bb5 Nf6 4. d3 Bc5 5. c3 O-O 6. O-O d6 7. Re1 Ne7 8. d4
Bb6 9. a4 c6 10. Bf1 Ng6 11. h3 Re8 12. dxe5 dxe5 13. Qxd8 Bxd8 14. Na3 h6 15.
Nc4 Bc7 16. a5 Be6 17. g3 b5 18. axb6 axb6 19. Be3 b5 20. Ncd2 Nf8 21. Nh4
N8d7 22. Nf5 Kf8 23. g4 Bb6 24. Bxb6 Nxb6 25. b3 Red8 26. Rxa8 Rxa8 27. c4 b4
28. Nf3 Nbd7 29. Bd3 Ne8 30. g5 hxg5 31. Nxg5 Nc5 32. Bc2 Ra2 33. Ne3 f6 34.
Nf3 Bxh3 35. Rd1 Bd7 36. Nd2 Ke7 37. Bb1 Ra8 38. Kf1 Nc7 39. Nf5+ Kf8 40. Ke2
g6 41. Nh4 Kf7 42. f4 Bg4+ 43. Ndf3 exf4 44. Rg1 Bh5 45. e5 f5 46. Kf2 N7e6
47. Ng5+ Nxg5 48. Rxg5 Ne4+ 0-1

[Event "1. liga V 24/25"]
[Site ""]
[Date "2025.01.19"]
[Round "6.5"]
[White "Walter, Szymon"]
[Black "Kratochvil, Josef"]
[Result "1/2-1/2"]
[WhiteFideId "1172590"]
[BlackFideId "328626"]
[WhiteElo "2315"]
[BlackElo "2237"]
[PlyCount "0"]
[WhiteTeam "SK Slavoj Poruba B"]
[BlackTeam "Sokol Dobra"]
[EventDate "2024.10.20"]

1. e4 c5 2. Nc3 a6 3. Nf3 e6 4. g3 b5 5. d4 cxd4 6. Nxd4 Bb7 7. Bg2 Nc6 8. O-O
Bc5 9. Nxc6 Bxc6 10. Qg4 Kf8 11. e5 h5 12. Qe2 Bxg2 13. Kxg2 d5 14. exd6 Qxd6
15. Qf3 Rc8 16. Rd1 Qb6 17. Ne4 Be7 18. Bg5 Qb7 19. c3 f5 20. Bxe7+ Kxe7 21.
Ng5 Qxf3+ 22. Nxf3 Nf6 23. a4 b4 24. Ne5 Rhe8 25. cxb4 Rc2 26. Rac1 Rec8 27.
Rxc2 Rxc2 28. Nd3 Nd5 29. Re1 Kd6 30. b5 axb5 31. axb5 Rd2 32. Ne5 Kc5 33. b3
f4 34. gxf4 Nxf4+ 35. Kg3 g5 36. Nf3 h4+ 37. Kg4 Rxf2 38. Nxg5 Nd3 39. Rd1
Ne5+ 40. Kxh4 Rxh2+ 41. Kg3 Rh6 42. Re1 Nd7 43. Rxe6 Rxe6 44. Nxe6+ Kxb5 45.
b4 Kxb4 1/2-1/2

[Event "1. liga V 24/25"]
[Site ""]
[Date "2025.01.19"]
[Round "6.6"]
[White "Slanina, Miroslav"]
[Black "Malik, Jan"]
[Result "0-1"]
[WhiteFideId "304867"]
[BlackFideId "317500"]
[WhiteElo "2156"]
[BlackElo "2246"]
[PlyCount "0"]
[WhiteTeam "Sokol Dobra"]
[BlackTeam "SK Slavoj Poruba B"]
[EventDate "2024.10.20"]

1. d4 d5 2. Nf3 Nf6 3. Bf4 c5 4. c3 Nc6 5. e3 Nh5 6. Bg5 h6 7. Bh4 g5 8. Nfd2
gxh4 9. Qxh5 e5 10. dxe5 Qg5 11. Qd1 h3 12. g3 Qxe5 13. Nf3 Qe6 14. Nbd2 Bg7
15. Nb3 b6 16. Be2 Bb7 17. O-O O-O 18. Re1 Rad8 19. Qc2 a5 20. a4 Qf6 21. Rad1
Rfe8 22. Nbd2 d4 23. exd4 cxd4 24. Nxd4 Nxd4 25. cxd4 Qxf2+ 0-1

[Event "1. liga V 24/25"]
[Site ""]
[Date "2025.01.19"]
[Round "6.7"]
[White "Neumann, Filip"]
[Black "Filip, Tomas"]
[Result "0-1"]
[WhiteFideId "375640"]
[BlackFideId "358037"]
[WhiteElo "2154"]
[BlackElo "1994"]
[PlyCount "0"]
[WhiteTeam "SK Slavoj Poruba B"]
[BlackTeam "Sokol Dobra"]
[EventDate "2024.10.20"]

1. Nf3 Nf6 2. c4 c5 3. Nc3 Nc6 4. g3 e5 5. Bg2 d6 6. O-O Be6 7. d3 h6 8. Ne1
Qd7 9. Nc2 Bh3 10. Ne3 h5 11. Ncd5 Nxd5 12. cxd5 Nd4 13. Bxh3 Qxh3 14. f3 f5
15. Rf2 h4 16. g4 fxg4 17. Nxg4 Be7 18. Be3 O-O 19. Bxd4 exd4 20. Rg2 Bg5 21.
Kh1 Rae8 22. Qg1 Bf4 23. Nf2 Qd7 24. Ne4 Re5 25. Rg6 Rxd5 26. Nf6+ Rxf6 27.
Rxf6 Bg5 28. Rg6 Qf5 29. Rxg5 Qxg5 30. Qg2 Re5 31. Rg1 Qxg2+ 32. Rxg2 h3 33.
Rf2 Kf7 34. f4 Re3 35. Kg1 Kf6 36. Kf1 Kf5 37. Ke1 c4 38. Kd2 cxd3 39. exd3
Kg4 40. Rf1 Rf3 41. Rg1+ Kxf4 42. Ke2 g5 43. Rc1 Re3+ 44. Kd2 Kf3 45. Rf1+ Kg2
46. Rf5 g4 47. Rg5 g3 0-1

[Event "1. liga V 24/25"]
[Site ""]
[Date "2025.01.19"]
[Round "6.8"]
[White "Keprt, Pavel"]
[Black "Caletka, Radomir"]
[Result "1/2-1/2"]
[WhiteFideId "306533"]
[BlackFideId "321133"]
[WhiteElo "1991"]
[BlackElo "2178"]
[PlyCount "0"]
[WhiteTeam "Sokol Dobra"]
[BlackTeam "SK Slavoj Poruba B"]
[EventDate "2024.10.20"]

1. e4 e6 2. d4 d5 3. exd5 exd5 4. Bd3 Nc6 5. Nf3 Bd6 6. O-O Nge7 7. c3 Bg4 8.
Re1 Qd7 9. Nbd2 O-O 10. Nf1 Ng6 11. Ne3 Nce7 12. Nxg4 Qxg4 13. g3 Rfe8 14. Ng5
Qxd1 15. Rxd1 f6 16. Nf3 Kf7 17. Bd2 Nf8 18. h4 h5 19. b3 Nd7 20. c4 c6 21. c5
Bc7 22. b4 1/2-1/2

[Event "1. liga V 24/25"]
[Site ""]
[Date "2025.01.19"]
[Round "6.1"]
[White "Zylka, Stanislaw"]
[Black "Zwardon, Vojtech"]
[Result "1/2-1/2"]
[WhiteFideId "1189654"]
[BlackFideId "325511"]
[WhiteElo "2357"]
[BlackElo "2428"]
[PlyCount "0"]
[WhiteTeam "SK Slavia Orlova"]
[BlackTeam "Jezdci Jundrov"]
[EventDate "2024.10.20"]

1. e4 c5 2. Nf3 Nc6 3. Bb5 g6 4. Bxc6 dxc6 5. d3 Bg7 6. h3 Nf6 7. Nc3 O-O 8.
O-O b6 9. Be3 e5 10. a3 a5 11. Qd2 Qd6 12. Nh2 Nh5 13. Na4 Qd8 14. b4 axb4 15.
axb4 Nf4 16. Nf3 f5 17. Bxf4 exf4 18. e5 g5 19. bxc5 g4 20. Nh2 Bxe5 21. Rae1
Rxa4 22. Rxe5 Qd4 23. Rfe1 Ra1 24. Rxa1 Qxe5 25. d4 Qg7 26. cxb6 gxh3 27. f3
Bb7 28. c3 Rf6 29. Re1 Rg6 30. Qa2+ Qf7 31. Re2 Qxa2 32. Rxa2 Kf8 33. c4 Ke8
34. Kf1 c5 35. dxc5 hxg2+ 36. Rxg2 Rxg2 37. Kxg2 Kd7 38. Kh3 Kc6 39. Kh4 Kxc5
40. Kg5 Kxb6 41. Kxf5 Kc5 42. Kxf4 Kxc4 43. Kg5 h6+ 44. Kxh6 Bxf3 45. Nxf3
1/2-1/2

[Event "1. liga V 24/25"]
[Site ""]
[Date "2025.01.19"]
[Round "6.2"]
[White "Fiala, Vaclav"]
[Black "Tomaszewski, Kacper"]
[Result "0-1"]
[WhiteFideId "331503"]
[BlackFideId "1127373"]
[WhiteElo "2215"]
[BlackElo "2351"]
[PlyCount "0"]
[WhiteTeam "Jezdci Jundrov"]
[BlackTeam "SK Slavia Orlova"]
[EventDate "2024.10.20"]

1. e4 c5 2. Nf3 Nc6 3. d4 cxd4 4. Nxd4 e5 5. Nb5 d6 6. N1c3 a6 7. Na3 Be6 8.
Nc4 b5 9. Ne3 Nf6 10. Ned5 Bxd5 11. Nxd5 Nxe4 12. Qf3 Nc5 13. Nf6+ gxf6 14.
Qxc6+ Ke7 15. Be3 Rc8 16. Qd5 Qa5+ 17. Bd2 Qa4 18. c4 b4 19. Be2 a5 20. Bg4 Rc7
21. Bh5 Ne6 22. b3 Qc6 23. Qxa5 Qe4+ 24. Be3 Bh6 25. Bf3 Qd3 26. Qd5 Nd4 27.
Rc1 Bxe3 28. fxe3 Qxe3+ 29. Kd1 Qd3+ 30. Ke1 Nc2+ 31. Rxc2 Qxc2 32. Rf1 Qb1+
33. Bd1 Rg8 34. Qf3 f5 35. g3 Qe4+ 36. Qxe4 fxe4 37. Bc2 d5 38. Kd2 Ke6 39. Rc1
Rd8 40. Ke3 f5 0-1

[Event "1. liga V 24/25"]
[Site ""]
[Date "2025.01.19"]
[Round "6.3"]
[White "Sramek, Vojtech"]
[Black "Slepov, Cyril"]
[Result "1/2-1/2"]
[WhiteFideId "358681"]
[BlackFideId "378364"]
[WhiteElo "2245"]
[BlackElo "2148"]
[PlyCount "0"]
[WhiteTeam "SK Slavia Orlova"]
[BlackTeam "Jezdci Jundrov"]
[EventDate "2024.10.20"]

1. e4 c6 2. d4 d5 3. exd5 cxd5 4. Bd3 Nc6 5. c3 Nf6 6. Bf4 Bg4 7. Qb3 Qd7 8.
Nd2 e6 9. Ngf3 Bd6 10. Ne5 Qc7 11. O-O O-O 12. h3 Bh5 13. Rfe1 Nxe5 14. dxe5
Bc5 15. Qc2 Bg6 16. Bxg6 hxg6 17. Qd3 b5 18. Qf3 Nd7 19. h4 Rab8 20. h5 b4 21.
Nb3 bxc3 22. bxc3 Rbc8 23. Nxc5 Nxc5 24. Re3 Ne4 25. h6 f5 26. exf6 e5 27. Bg3
Rxf6 28. Qg4 Nxg3 29. Qxg3 e4 30. Rd1 Qxg3 31. Rxg3 Rc5 32. hxg7 Kxg7 33. Rg5
Rf5 34. Rxf5 gxf5 35. Kf1 Kf6 36. Ke1 Rb5 37. a4 Ra5 38. Rd4 Ke5 39. Kd2 f4 40.
Rb4 Ra6 41. c4 dxc4 42. Rxc4 Rg6 43. Rc5+ Kd4 44. Rf5 e3+ 45. fxe3+ fxe3+ 46.
Ke1 Kc3 47. Ke2 Rxg2+ 48. Kxe3 a6 49. Rf6 a5 50. Ra6 Rg5 51. Rc6+ Kb3 52. Kd2
Rg1 53. Ra6 Kxa4 54. Kc2 Kb4 55. Kb2 Rg2+ 56. Kb1 Kb3 57. Rb6+ Ka3 58. Rc6 a4
59. Rc3+ Kb4 60. Rh3 Rg1+ 61. Ka2 Rg4 62. Rf3 a3 63. Rf8 Rg2+ 64. Ka1 Rg5 65.
Rb8+ Rb5 1/2-1/2

[Event "1. liga V 24/25"]
[Site ""]
[Date "2025.01.19"]
[Round "6.4"]
[White "Novosadova, Kristyna"]
[Black "Husek, Martin"]
[Result "0-1"]
[WhiteFideId "328065"]
[BlackFideId "384054"]
[WhiteElo "2124"]
[BlackElo "2218"]
[PlyCount "0"]
[WhiteTeam "Jezdci Jundrov"]
[BlackTeam "SK Slavia Orlova"]
[EventDate "2024.10.20"]

1. e4 c5 2. Nf3 Nc6 3. d4 cxd4 4. Nxd4 g6 5. Nxc6 bxc6 6. Qd4 Nf6 7. e5 Nd5 8.
c4 Qb6 9. Qd1 Nc7 10. Be3 Qa5+ 11. Qd2 Qxe5 12. Be2 Bg7 13. Nc3 Ne6 14. O-O O-O
15. f4 Qxe3+ 16. Qxe3 Bd4 17. Qxd4 Nxd4 18. Bd3 d6 19. Rae1 Re8 20. Re3 Bf5 21.
Bxf5 Nxf5 22. Re4 h5 23. b4 Rab8 24. Rb1 e6 25. Ree1 d5 26. c5 Re7 27. b5 cxb5
28. Nxb5 Rc8 29. Rec1 a6 30. Nd6 Nxd6 31. cxd6 Rxc1+ 32. Rxc1 Rd7 33. Rc6 f6
34. Rxa6 e5 35. a4 Kf7 36. a5 Ke6 37. fxe5 fxe5 38. Ra8 Kxd6 39. a6 Kc5 40. a7
Kd4 41. Kf2 e4 42. Ke2 Rb7 43. Rg8 Rxa7 44. Rxg6 Ra2+ 45. Kf1 Kd3 46. Rg5 Ra1+
47. Kf2 e3+ 48. Kf3 Rf1+ 49. Kg3 e2 0-1

[Event "1. liga V 24/25"]
[Site ""]
[Date "2025.01.19"]
[Round "6.5"]
[White "Radzimski, Antoni"]
[Black "Gabriel, Adam"]
[Result "1/2-1/2"]
[WhiteFideId "21052476"]
[BlackFideId "332020"]
[WhiteElo "2289"]
[BlackElo "2306"]
[PlyCount "0"]
[WhiteTeam "SK Slavia Orlova"]
[BlackTeam "Jezdci Jundrov"]
[EventDate "2024.10.20"]

1. d4 d5 2. c4 c6 3. Nf3 dxc4 4. e3 b5 5. a4 e6 6. b3 Bb4+ 7. Bd2 Bxd2+ 8.
Nfxd2 cxb3 9. axb5 b2 10. Ra2 Nf6 11. bxc6 Nxc6 12. Rxb2 O-O 13. Be2 a5 14. O-O
e5 15. Bf3 Ra6 16. Bxc6 Rxc6 17. dxe5 Ng4 18. Nf3 Qc7 19. Rd2 Nxe5 20. Nxe5
Qxe5 21. Rd5 Qc7 22. Qa4 Ba6 23. Re1 Rc8 24. h3 Bb7 25. Rd4 Rc1 26. Red1 Rxd1+
27. Qxd1 Qc6 28. f3 h6 29. Qd3 Qc1+ 30. Kh2 Qc7+ 31. Kg1 a4 32. Nd2 Qc1+ 33.
Kh2 Qc7+ 34. Kg1 Qc1+ 35. Kh2 1/2-1/2

[Event "1. liga V 24/25"]
[Site ""]
[Date "2025.01.19"]
[Round "6.6"]
[White "Kuchar, Matej"]
[Black "Kostka, Vit"]
[Result "1/2-1/2"]
[WhiteFideId "358207"]
[BlackFideId "349232"]
[WhiteElo "2017"]
[BlackElo "2206"]
[PlyCount "0"]
[WhiteTeam "Jezdci Jundrov"]
[BlackTeam "SK Slavia Orlova"]
[EventDate "2024.10.20"]

1. e4 c5 2. Nf3 e6 3. d4 cxd4 4. Nxd4 Nf6 5. Nc3 Nc6 6. Ndb5 Bb4 7. a3 Bxc3+ 8.
Nxc3 d5 9. exd5 exd5 10. Bd3 O-O 11. O-O Bg4 12. f3 Bh5 13. Bg5 Qb6+ 14. Kh1
Ne4 15. Nxe4 dxe4 16. Bxe4 Qxb2 17. Qb1 Qb6 18. c4 Bg6 19. Qxb6 axb6 20. Bd5
Ra4 21. Be3 Rfa8 22. Bxb6 Rxa3 23. Rxa3 Rxa3 24. Re1 Ra8 25. Kg1 h5 26. h4 Kh7
27. Re2 Rc8 28. Kf2 f6 29. Ke3 Re8+ 30. Kd2 Ra8 31. Kc3 Ra3+ 32. Kb2 Ra6 33.
Bc5 Ra8 34. Re3 Rc8 35. Be6 Re8 36. Kb3 Rb8 37. Bb6 Ra8 38. g4 Ra6 39. Bc5 b6
40. Bb4 hxg4 41. fxg4 Ne5 42. Bf5 Ra1 43. Bc3 Ra3+ 44. Kb4 Bxf5 45. gxf5 Ra5
46. Bxe5 fxe5 47. Re4 Kg8 48. Rg4 Kf7 49. Rg6 e4 50. Re6 Rxf5 51. Rxe4 Rh5 52.
Rg4 Kf6 1/2-1/2

[Event "1. liga V 24/25"]
[Site ""]
[Date "2025.01.19"]
[Round "6.7"]
[White "Lojek, Marek"]
[Black "Tovarek, Antonin"]
[Result "1-0"]
[WhiteFideId "358649"]
[BlackFideId "384682"]
[WhiteElo "2103"]
[BlackElo "1986"]
[PlyCount "0"]
[WhiteTeam "SK Slavia Orlova"]
[BlackTeam "Jezdci Jundrov"]
[EventDate "2024.10.20"]

1. e4 c5 2. Nf3 Nc6 3. Bb5 d6 4. d4 cxd4 5. Nxd4 Bd7 6. O-O Nf6 7. Re1 g6 8.
Nc3 Bg7 9. Nf3 O-O 10. a4 Rc8 11. h3 a6 12. Bf1 h6 13. Nd5 Kh7 14. Be3 Nxd5 15.
exd5 Ne5 16. Nxe5 Bxe5 17. c3 e6 18. Qd2 Bg7 19. dxe6 Bxe6 20. Bd4 d5 21. Re3
Qg5 22. Bxg7 Kxg7 23. Qd4+ Qf6 24. Qb6 Qe7 25. Rae1 Rc6 26. Qd4+ Qf6 27. Qb4
Rb8 28. Rf3 Qg5 29. Qd4+ Kg8 30. Rg3 Qd8 31. Bd3 Kh7 32. h4 Qh8 33. Qf4 f5 34.
Rxe6 Rxe6 35. Qc7+ Qg7 36. Qxb8 Qe7 37. Qf4 Re1+ 38. Kh2 Rd1 39. Bxf5 1-0

[Event "1. liga V 24/25"]
[Site ""]
[Date "2025.01.19"]
[Round "6.8"]
[White "Mlynek, Petr"]
[Black "Horvath, Tomas"]
[Result "1-0"]
[WhiteFideId "307670"]
[BlackFideId "358630"]
[WhiteElo "2014"]
[BlackElo "2066"]
[PlyCount "0"]
[WhiteTeam "Jezdci Jundrov"]
[BlackTeam "SK Slavia Orlova"]
[EventDate "2024.10.20"]

1. d4 Nf6 2. c4 e6 3. g3 d5 4. Nf3 Bb4+ 5. Bd2 Qe7 6. Bg2 O-O 7. O-O b6 8. Qc2
c6 9. a3 Bxd2 10. Nbxd2 Bb7 11. Ne5 Nbd7 12. f4 Nxe5 13. fxe5 Ng4 14. Qc3 Qg5
15. Rf4 f5 16. exf6 Nxf6 17. Raf1 Rac8 18. e4 c5 19. Bh3 Rce8 20. e5 cxd4 21.
Qxd4 Nd7 22. Ne4 Rxf4 23. Rxf4 dxe4 24. Qxd7 Qe7 25. Qd6 h5 26. b4 g5 27. Rf6
g4 28. Bg2 Kg7 29. Rf4 Qxd6 30. exd6 e5 31. Rf5 Rc8 32. Rxe5 Kf6 33. Re7 Bc6
34. b5 Ba8 35. d7 Rd8 36. Re8 Rxd7 37. Rxa8 e3 38. Re8 Rd1+ 39. Bf1 1-0

[Event "1. liga V 24/25"]
[Site ""]
[Date "2025.01.19"]
[Round "6.1"]
[White "Biolek, Richard"]
[Black "Fargac, Martin"]
[Result "1/2-1/2"]
[WhiteFideId "319996"]
[BlackFideId "345245"]
[WhiteElo "2415"]
[BlackElo "2389"]
[PlyCount "0"]
[WhiteTeam "A64 PROCLIENT Grygov"]
[BlackTeam "TJ TZ Trinec"]
[EventDate "2024.10.20"]

1. e4 g6 2. d4 Bg7 3. Nf3 d6 4. Be2 Nc6 5. O-O e5 6. Bg5 Nge7 7. dxe5 dxe5 8.
Nc3 Be6 9. Bb5 f6 10. Be3 Qxd1 1/2-1/2

[Event "1. liga V 24/25"]
[Site ""]
[Date "2025.01.19"]
[Round "6.2"]
[White "Szotkowski, Jakub"]
[Black "Biolek, Richard"]
[Result "1/2-1/2"]
[WhiteFideId "330590"]
[BlackFideId "300756"]
[WhiteElo "2298"]
[BlackElo "2339"]
[PlyCount "0"]
[WhiteTeam "TJ TZ Trinec"]
[BlackTeam "A64 PROCLIENT Grygov"]
[EventDate "2024.10.20"]

1. Nf3 c5 2. c4 Nf6 3. g3 b6 4. Bg2 Bb7 5. O-O g6 6. b3 Bg7 7. Bb2 O-O 8. e3
d5 9. cxd5 Nxd5 10. Bxg7 Kxg7 11. d4 cxd4 12. Qxd4+ Nf6 13. Qb2 Nbd7 14. Rd1
Qc7 15. Nc3 Rad8 16. Nd5 Bxd5 1/2-1/2

[Event "1. liga V 24/25"]
[Site ""]
[Date "2025.01.19"]
[Round "6.3"]
[White "Sluka, Radek"]
[Black "Tymrakiewicz, Rafal"]
[Result "1/2-1/2"]
[WhiteFideId "305456"]
[BlackFideId "1108832"]
[WhiteElo "2319"]
[BlackElo "2171"]
[PlyCount "0"]
[WhiteTeam "A64 PROCLIENT Grygov"]
[BlackTeam "TJ TZ Trinec"]
[EventDate "2024.10.20"]

1. e4 d5 2. exd5 Nf6 3. Nc3 Nxd5 4. Bc4 e6 5. Qf3 Nb4 6. Bb3 N8c6 7. Nge2 Na5
8. Ba4+ Bd7 9. a3 Nd5 10. Bxd7+ Qxd7 11. O-O Be7 12. Re1 Nc6 13. Ne4 O-O 14.
d4 Rad8 15. c3 f5 16. N4g3 e5 17. c4 e4 18. Qh5 g6 19. Qh6 Nf6 20. Be3 Ng4 21.
Qh3 Bf6 22. Rad1 Na5 23. Rc1 Rfe8 24. b4 Nc6 25. Red1 Nxe3 26. fxe3 Bg5 27.
Nf1 Qe7 28. Qg3 Bh4 29. Qf4 Rf8 30. g3 Bf6 31. Qf2 Rd7 32. Nf4 Nd8 33. Nd5 Qf7
34. h4 Bg7 35. Nf4 c6 36. a4 Qe7 37. b5 Nf7 38. Qa2 Bh6 39. bxc6 bxc6 40. d5
Bxf4 41. exf4 Qc5+ 42. Qf2 Qxf2+ 43. Kxf2 c5 44. Rb1 Nd6 45. Nd2 Re8 46. Ke3
Ree7 47. Rb8+ Kf7 48. Rdb1 Rb7 49. R1xb7 Rxb7 50. Rd8 Ke7 51. Rh8 Kf6 52. a5
Rb4 53. Rxh7 Nxc4+ 54. Nxc4 Rxc4 55. Rxa7 Rd4 56. Ra6+ Kf7 57. Rd6 Ra4 58. a6
Ra3+ 59. Kf2 c4 60. Rc6 Ra5 61. Rc7+ Kf6 62. a7 c3 63. Ke3 c2 64. Rxc2 Rxa7
65. Rc6+ Kf7 66. Kd4 Ra4+ 67. Ke5 e3 68. Rc7+ Ke8 69. Kf6 Ra6+ 70. Kg5 e2 71.
Rc1 Kf7 72. h5 gxh5 73. Kxf5 Ra3 74. Re1 Re3 75. d6 Ke8 76. g4 hxg4 77. Kxg4
Kd7 78. f5 Kxd6 79. Kf4 Re8 80. Kf3 Re5 1/2-1/2

[Event "1. liga V 24/25"]
[Site ""]
[Date "2025.01.19"]
[Round "6.4"]
[White "Frolik, Martin"]
[Black "Zurek, Milan"]
[Result "1/2-1/2"]
[WhiteFideId "304123"]
[BlackFideId "300241"]
[WhiteElo "2108"]
[BlackElo "2316"]
[PlyCount "0"]
[WhiteTeam "TJ TZ Trinec"]
[BlackTeam "A64 PROCLIENT Grygov"]
[EventDate "2024.10.20"]

1. d4 d5 2. c4 dxc4 3. Nf3 c6 4. a4 Nf6 5. Nc3 Na6 6. e3 Be6 7. Ng5 Bd5 8. e4
h6 9. exd5 hxg5 10. Bxc4 Nb4 11. Qb3 Nfxd5 12. Bxd5 Nxd5 13. Qxb7 Qc8 14.
Qxc8+ Rxc8 15. Nxd5 cxd5 16. Bxg5 e6 17. O-O Bd6 18. g3 Kd7 19. Rfc1 Rxc1+ 20.
Bxc1 Rc8 21. b3 Rc2 22. Rb1 Bb4 23. h4 f6 24. h5 f5 1/2-1/2

[Event "1. liga V 24/25"]
[Site ""]
[Date "2025.01.19"]
[Round "6.5"]
[White "Obsivac, Josef"]
[Black "Sikora, Jan"]
[Result "1/2-1/2"]
[WhiteFideId "303690"]
[BlackFideId "305405"]
[WhiteElo "2266"]
[BlackElo "2093"]
[PlyCount "0"]
[WhiteTeam "A64 PROCLIENT Grygov"]
[BlackTeam "TJ TZ Trinec"]
[EventDate "2024.10.20"]

1. d4 Nf6 2. c4 e6 3. Nf3 b6 4. g3 Ba6 5. b3 Bb4+ 6. Bd2 Bxd2+ 7. Qxd2 Bb7 8.
Bg2 O-O 9. O-O d6 10. Nc3 Nbd7 11. Qc2 Re8 12. Rad1 a5 13. e4 e5 14. dxe5 dxe5
15. Nd5 Nxd5 16. exd5 Nc5 17. Rfe1 Qd6 18. Re3 f6 19. Nh4 Bc8 20. Rde1 Bd7 21.
Kh1 Rad8 22. h3 Rf8 23. g4 Rde8 24. Nf5 Bxf5 25. Qxf5 g6 26. Qc2 Re7 27. a3 f5
28. b4 axb4 29. axb4 Nd7 30. c5 bxc5 31. bxc5 Nxc5 32. gxf5 gxf5 33. Rc3 Ne4
34. Bxe4 fxe4 35. Qxe4 Rd8 36. Rg3+ Kh8 37. Reg1 Rf7 38. Rg5 Rf4 39. Qg2 Rff8
40. Rg7 Qxd5 41. Qxd5 Rxd5 42. Rxc7 1/2-1/2

[Event "1. liga V 24/25"]
[Site ""]
[Date "2025.01.19"]
[Round "6.6"]
[White "Sikorova, Olga"]
[Black "Bokhnak, Timofey"]
[Result "0-1"]
[WhiteFideId "307033"]
[BlackFideId "14172976"]
[WhiteElo "2145"]
[BlackElo "2224"]
[PlyCount "0"]
[WhiteTeam "TJ TZ Trinec"]
[BlackTeam "A64 PROCLIENT Grygov"]
[EventDate "2024.10.20"]

1. c4 c6 2. g3 d5 3. Bg2 Nf6 4. Nf3 g6 5. b3 Bg7 6. Bb2 O-O 7. O-O Re8 8. d3
Nbd7 9. Nc3 e5 10. e4 dxe4 11. dxe4 Qc7 12. Qc2 Nc5 13. h3 a5 14. Rad1 b6 15.
Rfe1 Nfd7 16. Ne2 Ne6 17. Nc1 c5 18. Nd3 Bb7 19. Qc1 Nd4 20. Nxd4 cxd4 21. Qd2
Nc5 22. Ba3 Nxd3 23. Qxd3 a4 24. b4 Rac8 25. Rc1 Bh6 26. Rc2 Ba6 27. Bf1 Re6
28. Rb1 Qd7 29. b5 Bb7 30. c5 bxc5 31. Rxc5 Ree8 32. Bg2 Rxc5 33. Bxc5 Rc8 34.
Bb4 Qe6 35. Rb2 Rc1+ 36. Kh2 Qc8 37. a3 Qd7 38. b6 Qc6 39. Be7 Qe6 40. Bd8 Bf8
41. Rb5 Rc3 42. Qd1 Qd7 43. Rxe5 Qxd8 44. Qxa4 Qxb6 45. h4 d3 46. Qd1 Qxf2 0-1

[Event "1. liga V 24/25"]
[Site ""]
[Date "2025.01.19"]
[Round "6.7"]
[White "Zvolanek, Libor"]
[Black "Pilch, Roman"]
[Result "0-1"]
[WhiteFideId "303496"]
[BlackFideId "337870"]
[WhiteElo "2145"]
[BlackElo "2169"]
[PlyCount "0"]
[WhiteTeam "A64 PROCLIENT Grygov"]
[BlackTeam "TJ TZ Trinec"]
[EventDate "2024.10.20"]

1. d4 Nf6 2. Nc3 c5 3. d5 d6 4. e4 g6 5. Be2 Bg7 6. h4 h5 7. Bg5 Na6 8. Qd2
Nc7 9. a4 Rb8 10. f3 b6 11. Nh3 a6 12. Nf2 b5 13. axb5 axb5 14. O-O Bd7 15. b4
cxb4 16. Na2 Nh7 17. Bh6 Bxa1 18. Rxa1 Ra8 19. Nd3 Ra4 20. Ndxb4 Nf6 21. Rb1
Qa8 22. Rb2 Na6 23. Nc6 Nc5 24. Nab4 Ra1+ 25. Kh2 Qa3 26. c3 Nb3 27. Qc2 Rxh6
28. Rxb3 Qa4 29. Nb8 Qa7 30. Qd2 Qg1+ 31. Kg3 g5 32. Nxd7 gxh4+ 33. Kf4 Nxd7
34. Bxb5 Rf6+ 35. Kg5 h3 36. Bxd7+ Kxd7 0-1

[Event "1. liga V 24/25"]
[Site ""]
[Date "2025.01.19"]
[Round "6.8"]
[White "Schoupal, Patrik"]
[Black "Fuksik, Jakub"]
[Result "1-0"]
[WhiteFideId "320374"]
[BlackFideId "305197"]
[WhiteElo "1939"]
[BlackElo "2049"]
[PlyCount "0"]
[WhiteTeam "TJ TZ Trinec"]
[BlackTeam "A64 PROCLIENT Grygov"]
[EventDate "2024.10.20"]

1. d4 d5 2. e4 dxe4 3. Nc3 Nf6 4. f3 exf3 5. Nxf3 Bg4 6. h3 Bh5 7. g4 Bg6 8.
Ne5 Nbd7 9. Qe2 c6 10. h4 h6 11. Nxg6 fxg6 12. Qd3 Kf7 13. g5 hxg5 14. Bxg5 e6
15. O-O-O Qa5 16. Bh3 Re8 17. Kb1 Bd6 18. Rhg1 Nf8 19. Rdf1 Be7 20. Ne2 e5 21.
Qb3+ Qd5 22. Qxd5+ cxd5 23. dxe5 Bd8 24. exf6 gxf6 25. Nc3 Kg7 26. Bc1 Rxh4
27. Bf5 d4 28. Nd5 Re5 29. Nb4 Kh7 30. Bc8 Rc5 31. Rh1 Rxh1 32. Rxh1+ Kg8 33.
Bxb7 Rb5 34. Bd5+ 1-0

[Event "1. liga V 24/25"]
[Site ""]
[Date "2025.01.19"]
[Round "6.1"]
[White "Warakomski, Tomasz"]
[Black "Krejci, Jan"]
[Result "1/2-1/2"]
[WhiteFideId "1124552"]
[BlackFideId "322156"]
[WhiteElo "2543"]
[BlackElo "2543"]
[PlyCount "0"]
[WhiteTeam "Sachy Hostalkova"]
[BlackTeam "Moravska Slavia Brno B"]
[EventDate "2024.10.20"]

1. e4 c5 2. Nf3 e6 3. d4 cxd4 4. Nxd4 a6 5. c4 Nf6 6. Nc3 Qc7 7. Bd3 Nc6 8.
Be3 Nxd4 9. Bxd4 Bc5 10. Be2 d6 11. O-O Bxd4 12. Qxd4 e5 13. Qe3 Be6 14. Rac1
O-O 15. Rfd1 Rac8 16. b4 Rfd8 17. Na4 Nd7 18. a3 Qc6 19. Nc3 Qb6 20. c5 dxc5
21. Na4 Qc6 22. Nxc5 Nxc5 23. Rxc5 Rxd1+ 24. Bxd1 Qd7 25. Rxc8+ Qxc8 26. Qd2
1/2-1/2